| 000 -LEADER |
| fixed length control field |
01621cam a22002297a 4500 |
| 020 ## - INTERNATIONAL STANDARD BOOK NUMBER |
| ISBN |
9789251063347 |
| 020 ## - INTERNATIONAL STANDARD BOOK NUMBER |
| ISBN |
9251063346 |
| 040 ## - CATALOGING SOURCE |
| Transcribing agency |
EQF |
| 082 ## - DEWEY DECIMAL CLASSIFICATION NUMBER |
| Classification number |
639 FOO 2009 A053 Or. |
| 245 00 - TITLE STATEMENT |
| Title |
Environmental impact assessment and monitoring in aquaculture : |
| Remainder of title |
requirements, practices, effectiveness and improvements. |
| 260 ## - PUBLICATION, DISTRIBUTION, ETC. (IMPRINT) |
| Place of publication |
Rome : |
| Name of publisher |
Food and Agriculture Organization of the United States, |
| Year of publication |
2009. |
| 300 ## - PHYSICAL DESCRIPTION |
| Number of Pages |
xxiii, 57 p. ; |
| Dimensions |
30 cm. + |
| Accompanying material |
1 CD-ROM (4 3/4 in.) |
| 520 3# - SUMMARY, ETC. |
| Summary, etc |
This report includes four regional reviews on environmental impact assessment (EIA) and monitoring in aquaculture in Africa, Asia-Pacific, Europe, Latin America and North America; a special study on EIA as applied to salmon aquaculture; and a global review and synthesis report which draw on the findings of the review papers, covering relevant information from more than 35 countries. In addition, this document provides the report of a workshop on the subject held at FAO headquarters in Rome in September 2008. The print document includes the contents, abstract, list of contributors, executive summary and the global review; in addition, the regional reviews, workshop report and appendices (over 600 pages in total) are provided in PDF in the accompanying CD-ROM.--Publisher's description. |
| 650 #0 - SUBJECT ADDED ENTRY--TOPICAL TERM |
| Topical Term |
Fisheries |
| 650 #0 - SUBJECT ADDED ENTRY--TOPICAL TERM |
| Topical Term |
Aquaculture |
| 650 #0 - SUBJECT ADDED ENTRY--TOPICAL TERM |
| Topical Term |
Environmental impact analysis. |
| 650 #0 - SUBJECT ADDED ENTRY--TOPICAL TERM |
| Topical Term |
Sustainable aquaculture. |
| 710 2# - ADDED ENTRY--CORPORATE NAME |
| Corporate name or jurisdiction name as entry element |
Food and Agriculture Organization of the United Nations. |
| 710 2# - ADDED ENTRY--CORPORATE NAME |
| Corporate name or jurisdiction name as entry element |
FAO Fisheries and Aquaculture Dept. |
| 856 41 - ELECTRONIC LOCATION AND ACCESS |
| Uniform Resource Identifier |
http://www.fao.org/docrep/012/i0970e/i0970e00.htm |
| 942 ## - ADDED ENTRY ELEMENTS (KOHA) |
| Koha item type |
សៀវភៅភាសាអង់គ្លេស |
| 952 ## - LOCATION AND ITEM INFORMATION (KOHA) |
| Withdrawn status [LOCAL, KOHA] |
0 |